Sporcle Eightsomes Grab Bag Quiz Stats

 Plays Quiz Updated Apr 15, 2016

Challenge
Share
Tweet
Embed
Score 0/120 Timer 18:00
6 Plays Today
Hint Answer % Correct
JFF
Crayola Colors in the 8 Pack
Red
91.2%
JFF
Crayola Colors in the 8 Pack
Blue
90.6%
JFF
Crayola Colors in the 8 Pack
Green
90.4%
JFF
Crayola Colors in the 8 Pack
Yellow
90%
JFF
Crayola Colors in the 8 Pack
Black
89.3%
JFF
Crayola Colors in the 8 Pack
Orange
87.8%
History
US Presidents Who Died in Office
John F. Kennedy
87%
History
US Presidents Who Died in Office
Abraham Lincoln
87%
Movies
Bill and Ted's Historical Figures
Abraham Lincoln
86.9%
JFF
Crayola Colors in the 8 Pack
Violet
86.6%
Language
Parts of Speech
Noun
85.6%
Language
Parts of Speech
Verb
85.4%
Science
The Planets
Earth
84.1%
Science
The Planets
Mars
83.9%
Holiday
Santa's Reindeer
Dancer
83.8%
Gaming
Super Mario Kart Racers
Mario
83%
Science
The Planets
Venus
82.9%
Science
The Planets
Saturn
82.8%
Holiday
Santa's Reindeer
Blitzen
82.7%
Geography
G-8 Nations
United States
82.2%
Science
The Planets
Jupiter
82.1%
Language
Parts of Speech
Adverb
82%
Science
The Planets
Uranus
82%
Holiday
Santa's Reindeer
Vixen
81.7%
Language
Parts of Speech
Adjective
81.7%
Science
The Planets
Mercury
81.6%
Holiday
Santa's Reindeer
Prancer
81.3%
Holiday
Santa's Reindeer
Donner
80.9%
Gaming
Super Mario Kart Racers
Luigi
80.2%
Science
The Planets
Neptune
80%
Geography
G-8 Nations
France
79.9%
Geography
G-8 Nations
Germany
79.7%
JFF
Crayola Colors in the 8 Pack
Brown
79%
Holiday
Santa's Reindeer
Dasher
78.5%
Holiday
Santa's Reindeer
Cupid
78.3%
Miscellaneous
V-8 Vegetables
Carrot
77.9%
Geography
G-8 Nations
United Kingdom
77.7%
Holiday
Santa's Reindeer
Comet
77.7%
Miscellaneous
V-8 Vegetables
Tomato
75.2%
Geography
G-8 Nations
Russia
74.3%
Hint Answer % Correct
Gaming
Super Mario Kart Racers
Princess Peach
67.5%
Geography
G-8 Nations
Japan
67.3%
Geography
G-8 Nations
Italy
66.2%
Language
Parts of Speech
Pronoun
65.6%
History
US Presidents Who Died in Office
Franklin D. Roosevelt
65.4%
Geography
G-8 Nations
Canada
64.5%
Literature
Deaths During 'Hamlet'
Hamlet
63.8%
Miscellaneous
V-8 Vegetables
Celery
63%
Entertainment
Who's On First Players
Who (1B)
62.1%
Entertainment
Who's On First Players
What (2B)
59.9%
Language
Parts of Speech
Conjunction
53.9%
History
US Presidents Who Died in Office
William McKinley
53.8%
History
US Presidents Who Died in Office
James Garfield
51.8%
Gaming
Super Mario Kart Racers
Bowser
51%
Gaming
Super Mario Kart Racers
Toad
50.7%
History
US Presidents Who Died in Office
William Henry Harrison
50%
Gaming
Super Mario Kart Racers
Yoshi
49.9%
Language
Parts of Speech
Preposition
46.9%
Sports
Original American Football League Teams
New York Titans (now Jets)
45%
Gaming
Super Mario Kart Racers
Donkey Kong, Jr.
43.4%
Sports
Original American Football League Teams
Boston Patriots
41.9%
Music
Rolling Stones Billboard #1 Hits (US)
(I Can't Get No) Satisfaction
40.2%
Miscellaneous
V-8 Vegetables
Lettuce
40.2%
Miscellaneous
V-8 Vegetables
Beet
39.2%
Entertainment
Who's On First Players
I Don't Know (3B)
37.8%
Literature
Deaths During 'Hamlet'
Ophelia
37.3%
Entertainment
Who's On First Players
Why (LF)
35.7%
History
US Presidents Who Died in Office
Zachary Taylor
32%
Sports
Original American Football League Teams
Dallas Texans (now Chiefs)
31.6%
Sports
Original American Football League Teams
Oakland Raiders
31.1%
Language
Parts of Speech
Interjection
30.7%
Miscellaneous
V-8 Vegetables
Spinach
30.5%
Sports
Original American Football League Teams
Houston Oilers (now Titans)
29.3%
History
US Presidents Who Died in Office
Warren G. Harding
29.2%
Religion
Blessees in the Beatitudes
the meek
28.9%
Sports
Original American Football League Teams
Buffalo Bills
28%
Sports
Original American Football League Teams
Denver Broncos
27.9%
Religion
Blessees in the Beatitudes
the poor in spirit
27.2%
Movies
Bill and Ted's Historical Figures
Socrates
26.7%
Gaming
Super Mario Kart Racers
Koopa Troopa
26.5%
Hint Answer % Correct
Movies
Bill and Ted's Historical Figures
Napoleon Bonaparte
26%
Sports
Original American Football League Teams
Los Angeles Chargers
25.7%
Music
Rolling Stones Billboard #1 Hits (US)
Paint It, Black
23.5%
Movies
Bill and Ted's Historical Figures
Genghis Khan
22.9%
Music
Rolling Stones Billboard #1 Hits (US)
Brown Sugar
22.8%
Entertainment
Who's On First Players
Tomorrow (P)
20%
Movies
Bill and Ted's Historical Figures
Joan of Arc
19.8%
Entertainment
Who's On First Players
Today (C)
18.6%
Television
Eight is Enough Children
Mary
17.9%
Literature
Deaths During 'Hamlet'
Polonius
17%
Music
Rolling Stones Billboard #1 Hits (US)
Angie
16%
Literature
Deaths During 'Hamlet'
Rosencrantz (offstage)
15.9%
Movies
Bill and Ted's Historical Figures
Billy the Kid
15.5%
Literature
Deaths During 'Hamlet'
Guildenstern (offstage)
15%
Literature
Deaths During 'Hamlet'
Gertrude
14.1%
Literature
Deaths During 'Hamlet'
Claudius
14%
Movies
Bill and Ted's Historical Figures
Sigmund Freud
13.8%
Movies
Bill and Ted's Historical Figures
Ludwig Van Beethoven
13.8%
Literature
Deaths During 'Hamlet'
Laertes
13.5%
Entertainment
Who's On First Players
I Don't Give a Darn (SS)
12.9%
Religion
Blessees in the Beatitudes
the peacemakers
12.1%
Religion
Blessees in the Beatitudes
those who hunger and thirst for righteousness
11.9%
Miscellaneous
V-8 Vegetables
Parsley
11.8%
Television
Eight is Enough Children
David
11.6%
Television
Eight is Enough Children
Tommy
11.1%
Music
Rolling Stones Billboard #1 Hits (US)
Ruby Tuesday
11%
Television
Eight is Enough Children
Susan
10.3%
Entertainment
Who's On First Players
Because (CF)
9.7%
Television
Eight is Enough Children
Elizabeth
9.7%
Television
Eight is Enough Children
Nicholas
9.6%
Miscellaneous
V-8 Vegetables
Watercress
8.3%
Religion
Blessees in the Beatitudes
those who mourn
7%
Television
Eight is Enough Children
Nancy
6.8%
Religion
Blessees in the Beatitudes
the merciful
6.5%
Music
Rolling Stones Billboard #1 Hits (US)
Miss You
6.4%
Religion
Blessees in the Beatitudes
the pure in heart
6.4%
Religion
Blessees in the Beatitudes
those who are persecuted for righteousness' sake
6.1%
Music
Rolling Stones Billboard #1 Hits (US)
Honky Tonk Women
5.9%
Television
Eight is Enough Children
Joanie
5.9%
Music
Rolling Stones Billboard #1 Hits (US)
Get Off of My Cloud
5.7%

You're not logged in!

Compare scores with friends on all Sporcle quizzes.
Join for Free
OR
Log In

You Might Also Like...

Show Comments

Extras

Top Quizzes Today


Score Distribution

Your Account Isn't Verified!

In order to create a playlist on Sporcle, you need to verify the email address you used during registration. Go to your Sporcle Settings to finish the process.

Report this User

Report this user for behavior that violates our Community Guidelines.

Details: